Les pays en guerre en 2025 - Statistiques

Statistiques générales
  • Ce quiz a été pris 128 fois
  • Le résultat moyen est 36 sur 62
Statistiques - réponses
Continent Conflits Intenses % Correct
Europe Ukraine
99%
Europe Russie
97%
Asie Israël/Palestine
95%
Asie Iran
92%
Asie Irak
84%
Asie Pakistan
79%
Afrique République Démocratique du Congo
78%
Afrique Mali
76%
Afrique Maroc
76%
Amérique du nord Mexique
76%
Asie Afghanistan
75%
Afrique Algérie
75%
Asie Corée du nord
74%
Asie Inde
74%
Afrique Soudan
71%
Asie Syrie
69%
Amérique du sud Brésil
67%
Amérique du sud Colombie
66%
Asie Liban
66%
Asie Yemen
65%
Afrique Libye
64%
Afrique Egypte
63%
Afrique Sénégal
63%
Asie Turquie
63%
Afrique Rwanda
62%
Afrique Niger
61%
Afrique Tchad
61%
Amérique du sud Venezuela
61%
Afrique Nigeria
58%
Asie Birmanie
57%
Afrique Soudan du sud
57%
Amérique du sud Pérou
56%
Afrique Somalie
56%
Afrique Cameroun
53%
Amérique du sud Equateur
53%
Asie Arabie Saoudite
52%
Afrique Ethiopie
51%
Amérique du nord Honduras
51%
Afrique Mauritanie
51%
Asie Arménie
49%
Afrique Burkina Faso
49%
Amérique du nord Salvador
49%
Afrique Côte d'ivoire
48%
Asie Azerbaïdjan
47%
Asie Indonésie
47%
Afrique Togo
47%
Amérique du nord Haiti
46%
Afrique République Centrafricaine
46%
Afrique Angola
45%
Amérique du sud Paraguay
45%
Asie Thaïlande
45%
Afrique Ouganda
44%
Afrique Tanzanie
44%
Afrique Ghana
43%
Afrique Bénin
42%
Afrique Burundi
42%
Asie Géorgie
42%
Asie Bangladesh
39%
Amérique du nord Jamaique
38%
Océanie Papouasie nouvelle Guinée
38%
Afrique Mozambique
37%
Asie Phillipines
12%
Aucun quiz correspondant
Distribution des résultats
% des personnes avec chaque résultat
Percentile par nombre de réponses
Votre historique - résultats
Vous n’avez pas pris ce quiz